| 000 | 00602nam a22002057a 4500 | ||
|---|---|---|---|
| 005 | 20250430161253.0 | ||
| 008 | 250430b |||||||| |||| 00| 0 eng d | ||
| 037 | _cTB | ||
| 040 |
_aLCT _cLCt |
||
| 041 |
_2eng _aeng _heng |
||
| 084 | _aZ,181 Q14 | ||
| 100 |
_aParanjape, N. V. _9753601 |
||
| 245 | _aNew Company Law 2013/ | ||
| 250 | _a6th ed. | ||
| 260 |
_aPrayagraj, Uttar Pradesh: _bCentral Law Agency, _c2014 |
||
| 300 | _axlix, 633p. | ||
| 650 |
_aCompany Law, 2013 _9753602 |
||
| 650 |
_aCompanies (Amendment) Act _9753603 |
||
| 942 |
_2CC _cTB _hZ,181 Q14 _n0 |
||
| 999 |
_c1309852 _d1309852 |
||